Discursos, mensajes y proclamas
Guardat en:
| Autor principal: | |
|---|---|
| Format: | Llibre |
| Idioma: | espanyol |
| Publicat: |
Santiago
El Diario
1946
|
| Matèries: | |
| Etiquetes: |
Afegir etiqueta
Sense etiquetes, Sigues el primer a etiquetar aquest registre!
|
MARC
| LEADER | 00000nam a2200000 a 4500 | ||
|---|---|---|---|
| 001 | UCO1173 | ||
| 003 | CL-VaPUC | ||
| 008 | 000512e19460000dr |||||||||||||||||spa|d | ||
| 082 | 0 | 4 | |a 972.93053 |b TRU |2 21 |
| 100 | 0 | |a Trujillo Molina, Rafael Léonidas |e author |9 442734 | |
| 245 | 1 | 0 | |a Discursos, mensajes y proclamas |
| 300 | |a v | ||
| 942 | |c BK | ||
| 945 | |d 20000512 00:00:00 |a crobeson | ||
| 260 | |a Santiago |b El Diario |c 1946 | ||
| 500 | |a v.8: Indice general | ||
| 650 | 0 | |a Historia |9 255047 | |
| 650 | 7 | |a FUENTES |2 CL-VaPUC |9 255666 | |
| 650 | 7 | |a DOCUMENTOS |2 CL-VaPUC |9 366450 | |
| 650 | 0 | |a Discursos políticos |9 373524 | |
| 650 | 7 | |a MENSAJES |2 CL-VaPUC |9 335531 | |
| 651 | 7 | |a REPUBLICA DOMINICANA |2 CL-VaPUC |9 257737 | |
| 583 | |a last modification |c 20150507 03:20:33 |k Rodrigo Vera | ||
| 999 | |c 287802 |d 287800 | ||
| 952 | |0 0 |1 0 |4 0 |6 972_930530000000000_TRU_1946 |7 0 |8 X |9 334848 |a BIBHIS |b BIBHIS |d 2019-11-20 |h v.1 |i 1274465 |o 972.93053 TRU 1946 |p 1274465 |r 2024-01-30 |w 2019-11-20 |y BK_X |k HIS | ||
| 952 | |0 0 |1 0 |4 0 |6 972_930530000000000_TRU_1946 |7 0 |8 X |9 334849 |a BIBHIS |b BIBHIS |d 2019-11-20 |h v.2 |i 1274473 |o 972.93053 TRU 1946 |p 1274473 |r 2024-01-30 |w 2019-11-20 |y BK_X |k HIS | ||
| 952 | |0 0 |1 0 |4 0 |6 972_930530000000000_TRU_1946 |7 0 |8 X |9 334850 |a BIBHIS |b BIBHIS |d 2019-11-20 |h v.3 |i 1274481 |o 972.93053 TRU 1946 |p 1274481 |r 2024-01-30 |w 2019-11-20 |y BK_X |k HIS | ||
| 952 | |0 0 |1 0 |4 0 |6 972_930530000000000_TRU_1946 |7 0 |8 X |9 334851 |a BIBHIS |b BIBHIS |d 2019-11-20 |h v.4 |i 127449K |o 972.93053 TRU 1946 |p 127449K |r 2024-01-30 |w 2019-11-20 |y BK_X |k HIS | ||
| 952 | |0 0 |1 0 |4 0 |6 972_930530000000000_TRU_1946 |7 0 |8 X |9 334852 |a BIBHIS |b BIBHIS |d 2019-11-20 |h v.5 |i 1274503 |o 972.93053 TRU 1946 |p 1274503 |r 2024-01-30 |w 2019-11-20 |y BK_X |k HIS | ||
| 952 | |0 0 |1 0 |4 0 |6 972_930530000000000_TRU_1946 |7 0 |8 X |9 334853 |a BIBHIS |b BIBHIS |d 2019-11-20 |h v.6 |i 1274511 |o 972.93053 TRU 1946 |p 1274511 |r 2024-01-30 |w 2019-11-20 |y BK_X |k HIS | ||
| 952 | |0 0 |1 0 |4 0 |6 972_930530000000000_TRU_1946 |7 0 |8 X |9 334854 |a BIBHIS |b BIBHIS |d 2019-11-20 |h v.7 |i 127452K |o 972.93053 TRU 1946 |p 127452K |r 2024-01-30 |w 2019-11-20 |y BK_X |k HIS | ||
| 952 | |0 0 |1 0 |4 0 |6 972_930530000000000_TRU_1946 |7 0 |8 X |9 334855 |a BIBHIS |b BIBHIS |d 2019-11-20 |h v.8 |i 1274538 |o 972.93053 TRU 1946 |p 1274538 |r 2024-01-30 |w 2019-11-20 |y BK_X |k HIS | ||
| 952 | |0 0 |1 0 |4 0 |6 972_930530000000000_TRU_1946 |7 0 |8 X |9 334856 |a BIBHIS |b BIBHIS |d 2019-11-20 |h v.9 |i 1274546 |o 972.93053 TRU 1946 |p 1274546 |r 2024-01-30 |w 2019-11-20 |y BK_X |k HIS | ||
| 952 | |0 0 |1 0 |4 0 |6 972_930530000000000_TRU_1946 |7 0 |8 X |9 334857 |a BIBHIS |b BIBHIS |d 2019-11-20 |h v.10 |i 1274554 |o 972.93053 TRU 1946 |p 1274554 |r 2024-01-30 |w 2019-11-20 |y BK_X |k HIS | ||